LEADER 01134nam a2200253 i 4500 001 991002139579707536 005 20020503161516.0 008 010315s1983 it ||| | ita 035 $ab10321974-39ule_inst 035 $aEXGIL98097$9ExL 040 $aBiblioteca Interfacoltā$bita 082 0 $a289 100 1 $aGiro, Elvira$0466712 245 13$aLe chiavi della conoscenza nell'era dello Spirito Santo :$bcon la parusia :$btratte da La mia lotta con Dio, ossia Il libro dei sette sigilli di David Lazzaretti :$bdodicesimo libretto :$bper la celeste milizia dello Spirito Santo della Chiesa universale giuris-davidica /$cElvira Giro 260 $aRoma :$bLa torre davidica,$c1983 300 $a40, 7 p. ;$c23 cm. 500 $aSuppl. a: La torre davidica 650 4$aGiurisdavidici 907 $a.b10321974$b02-04-14$c27-06-02 912 $a991002139579707536 945 $aLE002 Busta 77 10$g1$i2002000901842$lle002$o-$pE0.00$q-$rl$s- $t0$u0$v0$w0$x0$y.i10379228$z27-06-02 996 $aChiavi della conoscenza nell'era dello Spirito Santo$9200745 997 $aUNISALENTO 998 $ale002$b01-01-01$cm$da $e-$fita$git $h3$i1 LEADER 01282nam0 22003131i 450 001 UON00514892 005 20231205105516.308 010 $a34-620-1799-3 100 $a20230531d1986 |0itac50 ba 101 $ager 102 $aDE 105 $a|||| ||||| 200 1 $aBrief an einen jungen Katholiken$aBrief an einen jungen Nichtkatholiken$fHeinrich Boll$gmit einem Vorwort von Franz Alt 210 $aKoln$cKiepenheuer und Witsch$dc1986 215 $a59 p.$d19 cm 410 1$1001UON00393711$12001 $aKiwi$1210 $aKöln$cKiepenhauer & Witsch$v116 606 $aSaggistica tedesca$xSec. 20.$3UONC075039$2FI 620 $aDE$dKöln$3UONL005641 676 $a834.91$cSaggistica tedesca. 1900-1990$v21 700 1$aBÖLL$bHeinrich$3UONV192206$0374538 702 1$aALT$bFranz$3UONV290852 712 $aKiepenheuer & Witsch$3UONV251806$4650 801 $aIT$bSOL$c20251114$gRICA 899 $aSIBA - SISTEMA BIBLIOTECARIO DI ATENEO$2UONSI 912 $aUON00514892 950 $aSIBA - SISTEMA BIBLIOTECARIO DI ATENEO$dSI F. Goethe 830 BOE 1715 $eSI 43207 5 1715 996 $aBrief an einen jungen Nichtkatholiken$93903172 996 $aBrief an einen jungen Katholiken$93903171 997 $aUNIOR